| 000 | 00652nam a2200181 a 4500 | ||
|---|---|---|---|
| 008 | 110915s1977 ||||||||||||||||| || u | ||
| 020 | _a0024152609 | ||
| 050 | _aRC 816 Spi | ||
| 100 | _aSpiro, Howard M | ||
| 245 | 1 | 0 | _aClinical gastroenterology. (2nd ed.) |
| 250 | _a2nd ed. | ||
| 260 |
_aNew York: _bMacmillan Publishing Co _c1977 |
||
| 300 | _axx, 1289p.: ill. | ||
| 350 | _a0.00 | ||
| 650 | _aGASTROENTEROLOGY | ||
| 650 | _aGASTROINTESTINAL DISEASES | ||
| 995 |
_aMEDICAL LIBRARY OPEN ACCESS _D0.00 _e901464 _FCBU-SCHOOL OF MEDICINE LIBRARY (Ndola) _H1 _I0.00 _jRC 816 SPI _M1 _UAVAILABLE _WOct 27, 2011 _y901464 _ZMedical Library Open Access Collection |
||
| 999 |
_c31012 _d31012 |
||